000 00280nam a2200109Ia 4500
005 20251222153639.0
008 251222s9999||||xx |||||||||||||| ||spa||
082 _a658.403/M85
100 _a"Moore, P. G.Hodges, S. D. "
245 0 _aProgramming for optimal decisions
942 _cLIB
999 _c32659
_d32659